| 000 | 01856nam a2200397 a 4500 | ||
|---|---|---|---|
| 003 | BLK | ||
| 005 | 20250225005542.0 | ||
| 008 | 180408b bul|||||r ||||||| ||bul|| | ||
| 040 | _aBLK | ||
| 041 |
_aBUL _cBUL |
||
| 080 |
_aАприлско въстание (1876). Четата на Хр. Ботев _b94(497.2)"1876" _x(092) _z94(497.2)"1876"(092) |
||
| 080 |
_aХристо Ботьов Петков, български национален герой, революционер, поет и публицист _b929 Ботев, Христо _z929 Ботев, Христо |
||
| 100 |
_aСтоянов, Захарий _gСтоянов, Захари _d1850-1889 _qДжедев, Джендо Стоянов _eпърви автор _9364101 |
||
| 139 | _aЙорданов, Димитър | ||
| 245 | 1 | 0 |
_aЧетата на Христо Ботйов _cДимитър Йорданов |
| 257 | _aBGR | ||
| 260 |
_bАт. Димитров и сие _c1897 _aКотел |
||
| 300 |
_a101 с. _c20 см |
||
| 380 | _a9 | ||
| 490 |
_9435080 _aКолекция Редки и ценни издания |
||
| 500 | _aКор. 1898. Пълното име на авт. Димитър Йорданов Вълков. | ||
| 650 | 4 |
_aНационалноосвободително движение - България - дейци _9243361 |
|
| 650 | 4 |
_aБългарска литература - биографии _9273691 |
|
| 651 | 4 |
_aБългария _9241624 |
|
| 653 | _aбългарски поети | ||
| 653 | _aреволюционери | ||
| 653 | _aнационалноосвободителни движения | ||
| 653 | _aбиографии | ||
| 653 | _aХристо Ботев | ||
| 852 |
_aРб 897 _bРц |
||
| 856 | 4 | _qpdf | |
| 856 | 4 | _qpdf | |
| 942 |
_cKNG _n0 _s1 |
||
| 944 |
_aCR _c2021-09-15 _lCRON CRON _k |
||
| 999 |
_c431861 _d431861 |
||
| 999 | _d431861 | ||